LEADER 01544nam a2200337 a 4500 001 000000014536 003 CaOOAMICUS 005 20150302131806.0 008 940713s1964 gw u000 u lat r 035 $a10343198 040 $aPUL$bita 100 1 $aCusanus, Nicolaus,$ccard.,$d1401-1464.$0(OLS)http://pul/name/725 245 10$aNicolai de Cusa Compendium /$cedidit Bruno Decker, cuius post mortem curavit Carolus Bormann. 246 30$aCompendium 260 $aHamburgi :$bin aedibus Felicis Meiner,$c1964. 300 $axvii, 46 p. ;$c29 cm 490 1 $aNicolai de Cusa Opera omnia ;$v11,.3. 700 1 $aBormann, Karl.$0(OLS)http://pul/name/13467 700 1 $aDecker, Bruno,$d1907-1961.$0(OLS)http://pul/name/13466 800 1 $aCusanus, Nicolaus,$ccard.,$d1401-1464.$tOpera omnia ;$v11.3.$0(OLS)http://pul/nameTitle/969$0(OLS)http://pul/name/725$0(OLS)http://pul/title/2415 830 0$aNicolai de Cusa Opera omnia ;$v11.3.$0(OLS)http://pul/title/179744 850 $aPUL 852 $aPUL$W1$xSL Religione 2$y84$mTheol D1 1.11.3$j20420$nBK-PRI$qStampati altre collocazioni$B20420$CPULBib$Z2$F20420 $H56386 $82 900 $aNiccolò Cusano$9725 900 $aCusano, Niccolò$9725 900 $aNiccolò Cusano$9725 900 $aCusano, Niccolò$9725 941 1 $a10 996 $6246$aCompendium$9(OLS)http://pul/title/20879 996 $6245$aNicolai de Cusa Compendium$9(OLS)http://pul/title/20880 996 $6260$aHamburgi :$bin aedibus Felicis Meiner$9(OLS)http://pul/publisher/70046 LEADER 00973nam a2200229 u 4500 001 000000070341 003 CaOOAMICUS 005 20070226122017.0 008 020506s1873 it u000 u ita u 035 $a10928691 040 $aPUL(R)$bita 100 1 $aMoltedo, Achille.$0(OLS)http://pul/name/46809 245 13$aIl libro de' comuni del Regno d'Italia /$ccompilato sopra elementi officiali da Achille Moltedo. 260 $aNapoli :$bG. Nobile,$c1873. 300 $axlviii, 692 p. ;$c23 cm 650 4$aComuni$zItalia.$0(OLS)http://pul/subject/18016 651 4$aSicilia (regno)$xCittà$xDizionari.$0(OLS)http://pul/subject/25189 850 $aPUL 852 $aPUL$W1$xDP1 Antico 800$y27$m411 A 18$j91004$nBK-PRI$b $qStampati Antico$B91004$CPULBib$Z2$F91004 $H $81 941 1 $a15 996 $6245$aIl libro de' comuni del Regno d'Italia$9(OLS)http://pul/title/92752 996 $6260$aNapoli :$bG. Nobile$9(OLS)http://pul/publisher/53126